Osobitosti islamskej stredovekej filozofie
Príspevok upozorňuje na viacerých moslimských vedcov a filozofov tzv. zlatej éry islamu, ktorí prispeli k celosvetovému intelektuálnemu a kultúrnemu dedičstvu a ktorých myšlienky a dielo stojí za to si pripomínať aj po stáročiach.
Na minha lista:
| Autor principal: | |
|---|---|
| Formato: | Capítulo de Livro |
| Idioma: | eslovaco |
| Assuntos: | |
| Tags: |
Sem tags, seja o primeiro a adicionar uma tag!
|
MARC
| LEADER | 00000naa$a2200000$$$4500 | ||
|---|---|---|---|
| 001 | 0227762 | ||
| 005 | 20240502073742.8 | ||
| 041 | 0 | |a slo | |
| 044 | |a SK | ||
| 245 | 1 | 0 | |a Osobitosti islamskej stredovekej filozofie |c Ľubomír Čech |
| 520 | |a Príspevok upozorňuje na viacerých moslimských vedcov a filozofov tzv. zlatej éry islamu, ktorí prispeli k celosvetovému intelektuálnemu a kultúrnemu dedičstvu a ktorých myšlienky a dielo stojí za to si pripomínať aj po stáročiach. | ||
| 610 | 2 | 0 | |a filozofia |
| 610 | 2 | 0 | |a náboženstvo |
| 610 | 2 | 0 | |a islam |
| 610 | 2 | 0 | |a filozofi |
| 610 | 2 | 0 | |a história |
| 610 | 2 | 0 | |a vedy prírodné |
| 610 | 2 | 0 | |a kultúra |
| 610 | 2 | 0 | |a stredovek |
| 100 | 1 | |a Čech, Ľubomír, 1955- | |